| 000 | 00710cam a2200205 4500 | ||
|---|---|---|---|
| 001 | WB3549-22 | ||
| 008 | 000000n1999 000 0 eng u | ||
| 035 | _a(Sirsi) u103130 | ||
| 245 | _aBrownfield target achievable | ||
| 260 | _c1999 | ||
| 490 |
_aDETR News Release _v(1182) 8 December 1999 (3) |
||
| 520 | _aFigures on land use published by the DETR suggest that up to 55% of all new dwellings (including conversions) were provided on brownfield sites in 1997, suggesting that the government target of 60% by 2008 is achievable. | ||
| 590 | _aWB | ||
| 650 | _aNEW HOMES | ||
| 650 | _aBROWNFIELD LAND | ||
| 650 |
_aLand use _96251 |
||
| 650 | _aDETR | ||
| 690 | _aHOUSING-DEVELOPMENT | ||
| 942 | _n0 | ||
| 999 |
_c61980 _d61980 |
||